00319pab a2200121 454500008004000000100001900040245004900059260000900108300001200117362000900129650001800138773004100156180718b1988 xxu||||| |||| 00| 0 eng d aMoran, Michael aCrisis of the welfare state (Review article) c1988 a397-414 aJul. aWelfare State aBritish Journal of Political Science